000 00383nam a2200157Ia 4500
008 160316s2005 xxu||||| |||| 00| 0 eng d
082 _a340.100000
_bSIN
100 _aSingh Avtar
245 _aIntroduction to jurisprudence
250 _aRep
260 _aAgra
_bWadhwa and Co.
_c2005
300 _a370p
_b
_cxlvi
365 _b Rs.160
650 _a1.Jurisprudence
700 _a
_a
999 _c22487
_d22487